<?xml version="1.0" encoding="UTF-8"?>
<record
    xmlns:xsi="http://www.w3.org/2001/XMLSchema-instance"
    xsi:schemaLocation="http://www.loc.gov/MARC21/slim http://www.loc.gov/standards/marcxml/schema/MARC21slim.xsd"
    xmlns="http://www.loc.gov/MARC21/slim">

  <leader>01162nam a22002535i 4500</leader>
  <controlfield tag="001">164332</controlfield>
  <controlfield tag="003">ES-MaACL</controlfield>
  <controlfield tag="005">20250814031829.0</controlfield>
  <controlfield tag="008">990701s1793    fr           |||| | fre d</controlfield>
  <datafield tag="040" ind1=" " ind2=" ">
    <subfield code="a">CN </subfield>
    <subfield code="b">spa </subfield>
    <subfield code="c">CCPB | 3D</subfield>
  </datafield>
  <datafield tag="100" ind1="1" ind2=" ">
    <subfield code="a">Bernardin de Saint-Pierre, Henri,</subfield>
    <subfield code="d">1737-1814</subfield>
    <subfield code="9">28279</subfield>
  </datafield>
  <datafield tag="245" ind1="1" ind2="0">
    <subfield code="a">Etudes de la nature / </subfield>
    <subfield code="c">par Jacques Bernardin Henri de Saint-Pierre ... ; tome premier.</subfield>
  </datafield>
  <datafield tag="250" ind1=" " ind2=" ">
    <subfield code="a">Troisi&#xE8;me &#xE9;dition revue, corrig&#xE9;e et augment&#xE9;e.</subfield>
  </datafield>
  <datafield tag="260" ind1=" " ind2=" ">
    <subfield code="a">A Par&#xED;s : </subfield>
    <subfield code="b">[s.n.], </subfield>
    <subfield code="c">1793.</subfield>
  </datafield>
  <datafield tag="300" ind1=" " ind2=" ">
    <subfield code="a">LVI, 288, [2] p., [1] h. grab., [1] h. grab. pleg. ; </subfield>
    <subfield code="c">12&#xBA;.</subfield>
  </datafield>
  <datafield tag="594" ind1=" " ind2="1">
    <subfield code="a">T&#xED;t. en la antep. : Oeuvres de Jacques Bernardin Henri de Saint-Pierre tome premier.</subfield>
  </datafield>
  <datafield tag="595" ind1=" " ind2="1">
    <subfield code="a">Datos de ed. preceden a menci&#xF3;n de tomo.</subfield>
  </datafield>
  <datafield tag="597" ind1=" " ind2="1">
    <subfield code="a">Antep.</subfield>
  </datafield>
  <datafield tag="597" ind1=" " ind2="1">
    <subfield code="a">Sing.: a-d\p6\s, e\p4\s, A-2A\p6\s, [ ]\p1\s.</subfield>
  </datafield>
  <datafield tag="650" ind1=" " ind2="7">
    <subfield code="a">Ciencias naturales</subfield>
    <subfield code="2">embne</subfield>
    <subfield code="9">10984</subfield>
  </datafield>
  <datafield tag="752" ind1=" " ind2=" ">
    <subfield code="a">Francia - </subfield>
    <subfield code="d">Par&#xED;s</subfield>
  </datafield>
  <datafield tag="852" ind1=" " ind2=" ">
    <subfield code="a">ES-MaACL   </subfield>
    <subfield code="j">R-611-20         </subfield>
    <subfield code="z">-- Enc. hol.         </subfield>
    <subfield code="x">-- Edic.: la h. de grab.: "Marchand, F.", aleg&#xF3;rica y la h. de grab.pleg. calc., representaci&#xF3;n del globo terr&#xE1;queo     </subfield>
    <subfield code="x"> Olim: D- 4810-19</subfield>
  </datafield>
  <datafield tag="999" ind1=" " ind2=" ">
    <subfield code="c">164332</subfield>
    <subfield code="d">164332</subfield>
  </datafield>
  <datafield tag="952" ind1=" " ind2=" ">
    <subfield code="0">0</subfield>
    <subfield code="1">0</subfield>
    <subfield code="4">0</subfield>
    <subfield code="7">0</subfield>
    <subfield code="8">LIBXVIII</subfield>
    <subfield code="a">ATENEOM</subfield>
    <subfield code="b">ATENEOM</subfield>
    <subfield code="c">DEPO</subfield>
    <subfield code="d">2008-01-17</subfield>
    <subfield code="l">0</subfield>
    <subfield code="o">R-611-20</subfield>
    <subfield code="p">1172246</subfield>
    <subfield code="r">2023-02-23 00:00:00</subfield>
    <subfield code="w">2023-02-23</subfield>
    <subfield code="y">MONANT</subfield>
  </datafield>
</record>
